Múzeum a galéria fotografie

Na minha lista:
Detalhes bibliográficos
Autor principal: Zajac, Lukáš (Author)
Outros Autores: Bartošová, Nina (Thesis advisor)
Formato: Manuscrito Livro
Idioma:eslovaco
Publicado em: Bratislava 2016
Assuntos:
Acesso em linha:http://is.stuba.sk/zp/portal_zp.pl?podrobnosti=103118
Tags: Adicionar Tag
Sem tags, seja o primeiro a adicionar uma tag!

MARC

LEADER 00000ntm a22000003a 4500
001 stuzp57483
003 SK-STU
005 20210219121533.3
007 ta
008 150427s2015----xo-----f-mn---000-0-slo-d
040 |a STU  |b slo 
041 0 |a slo 
100 1 |a Zajac, Lukáš  |u 053130  |4 aut  |U FAD Fakulta architektúry  |T FA Ústav dejín a teórie architektúry a obnovy pamiatok  |X 70444  |U A3130  |Y 394  |7 70444 
242 0 1 |a Gallery  |y eng 
245 1 0 |a Múzeum a galéria fotografie 
260 |c 2016  |a Bratislava 
650 4 |a Petralka  |2 slo 
650 4 |a galéria  |2 slo 
650 4 |a múzeum  |2 slo 
650 4 |a gallery  |2 eng 
650 4 |a Petralka  |2 eng 
650 4 |a museum  |2 eng 
700 1 |a Bartošová, Nina  |u 053130  |k Z1  |4 ths  |U FAD Fakulta architektúry  |T FA Ústav dejín a teórie architektúry a obnovy pamiatok  |X 15769  |U A3130  |Y 394  |7 A000015769 
856 4 |u http://is.stuba.sk/zp/portal_zp.pl?podrobnosti=103118  |u https://opac.crzp.sk/?fn=detailBiblioForm&sid=28C7416B5E23CF19957E77CEF8E1 
SQL |a stuzp57483  |b DBP  |c SLO  |d Múzeum a galéria fotografie  |e 70444  |f Zajac, Lukáš  |g 053130  |h 15769  |i Bartošová, Nina  |j 20160610  |k 149  |l 05  |m http://is.stuba.sk/zp/portal_zp.pl?podrobnosti=103118  |n B-AU  |o 5.1.1. architektúra a urbanizmus